Gestión y organización de un evento deportivo
Uloženo v:
| Hlavní autoři: | , |
|---|---|
| Médium: | Kniha |
| Jazyk: | španělština |
| Vydáno: |
Barcelona
INDE
2006
|
| Vydání: | 1a. ed |
| Edice: | Colección Gestión y Deporte
|
| Témata: | |
| Tagy: |
Přidat tag
Žádné tagy, Buďte první, kdo vytvoří štítek k tomuto záznamu!
|
MARC
| LEADER | 00000cam a2200000 a 4500 | ||
|---|---|---|---|
| 001 | UCF9124 | ||
| 003 | CL-VaPUC | ||
| 008 | 131025e20060000sp |||||||||||||||||spa|d | ||
| 020 | |a 8497290739 | ||
| 082 | 0 | 4 | |a 796.069 |b DES |2 21 |
| 100 | 0 | |a Desbordes, Michel |e author |9 571338 | |
| 700 | 0 | |a Falgoux, Julien |e author |9 571339 | |
| 245 | 1 | 0 | |a Gestión y organización de un evento deportivo |
| 250 | |a 1a. ed | ||
| 300 | |a 221 p | ||
| 942 | |c BK | ||
| 945 | |d 20131025 12:28:00 |a cmena | ||
| 260 | |a Barcelona |b INDE |c 2006 | ||
| 650 | 0 | |a Deportes |9 224367 | |
| 650 | 0 | |a Eventos deportivos |9 520871 | |
| 650 | 7 | |a GESTION DEPORTIVA |2 CL-VaPUC |9 462479 | |
| 650 | 0 | |a Planificación estratégica |9 259735 | |
| 583 | |a last modification |c 20131025 12:28:00 |k Rodrigo Vera | ||
| 490 | 0 | |a Colección Gestión y Deporte | |
| 999 | |c 353609 |d 353607 | ||
| 952 | |0 0 |1 0 |3 erb |4 0 |6 796_069000000000000_DES_2006 |7 0 |8 A |9 458946 |a BIBEDU |b BIBEDU |d 2019-11-23 |i 5023734 |o 796.069 DES 2006 |p 5023734 |r 2019-11-23 |w 2019-11-23 |y BK |z Catalogado en:20131025 |k EFI | ||